Biblioteka Instytutu Północnego w Olsztynie

Kalwaryjska rebelia : (Rekord nr 27801)

Szczegóły MARC
000 -Nagłówek
fixed length control field 02739cam a2200565 i 4500
001 - Nr kontrolny bibl., która utworzyła rek.
control field xx004846867
003 - Siglum bibl., której nr kontr. jest w 001
control field NUKAT
005 - Data i czas ostatniej operacji
control field 20260427130338.0
008 - Elementy pola stałej długości
fixed length control field 200422s2020 pl a g |001 0 pol c
020 ## - ISBN
ISBN 9788380988095
dopowiedzenie (oprawa twarda) :
warunki dostępności zł 40,00
035 ## - Systemowy numer kontrolny
systemowy numer kontrolny (OCoLC)1153300686
035 ## - Systemowy numer kontrolny
systemowy numer kontrolny (NUKAT)xx004846867
040 ## - Instytucja sporządzająca opis
Instytucja, która sporządziła opis KAT U/AM
język katalgowania-trzyzn. kod pol
zasady opisu rda
Instytucja, która sporządziła rekord KAT U/AMs
Instytucja, która zmodyfikowała rekord KAT U/AM
-- KR 253/MH
-- WA 14/ABs
-- OLSZT 008/bak
045 2# - Okres czasu dla zawartości
czas między r. 9999 pne a nasz. czas. d1945
-- d1989
046 ## - Kod rodz. daty, data1, data2 (daty pne)
Begin/single date 2020
100 1# - Hasło główne-nazwa osobowa
Nazwa osobowa Gucewicz, Daniel
Daty biograficzne (1983- ).
rodzaj współpracy Autor
9 (RLIN) 16253
245 10 - Tytuł właściwy i oznaczenie odpow.
tytuł Kalwaryjska rebelia :
dodatek do tytułu z historii wybranych sanktuariów Pomorza Gdańskiego w okresie Polski Ludowej /
dod. inf. ze s. tyt./ozn. odpow. Daniel Gucewicz ; Instytut Pamięci Narodowej. Komisja Ścigania Zbrodni przeciwko Narodowi Polskiemu Oddział w Gdańsku.
260 ## - Adres wydawniczy
miejsce wydania, dystrybucji itp. Gdańsk ;
-- Warszawa :
nazwa wydawcy, dystrybutora itp. Instytut Pamięci Narodowej. Komisja Ścigania Zbrodni przeciwko Narodowi Polskiemu,
data wydania, dystrybucji itp. 2020.
300 ## - Opis fizyczny
objętość i/lub forma materiału 366, [2] strony, [16] stron tablic :
inne szczegóły opisu fizycznego ilustracje ;
format 25 cm.
336 ## - Content Type
Term Tekst
Code txt
Source rdacontent
337 ## - Media Type
Term Bez urządzenia pośredniczącego
Code n
Source rdamedia
338 ## - Carrier Type
Term Wolumin
Code nc
Source rdacarrier
380 ## - Form of work
Form of work Książki
380 ## - Form of work
Form of work Publikacje naukowe
388 1# - TIME PERIOD OF CREATION
Time period of creation term 2001-
490 1# - Tytuł serii i ks. wielotom.-nie do wysz.
oznaczenie serii Publikacje Gdańskiego Oddziału IPN ;
numer woluminu t. 76
490 1# - Tytuł serii i ks. wielotom.-nie do wysz.
oznaczenie serii Centralny Projekt Badawczy IPN Władze Komunistyczne wobec Kościołów i Związków Wyznaniowych w Polsce 1944-1989
500 ## - Uwaga ogólna
uwaga ogólna Na 4 stronie okładki: Seria Gdańsk.
504 ## - Uwaga o bibliografii
uwaga o bibliografii Bibliografia na stronach 341-353. Indeks.
648 #7 - SUBJECT ADDED ENTRY--CHRONOLOGICAL TERM
Chronological term 1901-2000
Source of heading or term DBN
9 (RLIN) 34996
648 #7 - SUBJECT ADDED ENTRY--CHRONOLOGICAL TERM
Chronological term 1945-1989
Source of heading or term DBN
9 (RLIN) 36043
650 #7 - Hasło przedmiotowe-nazwa pospolita
nazwa pospolita lub geogr. Kościół a państwo
źródło hasła DBN
9 (RLIN) 35883
650 #7 - Hasło przedmiotowe-nazwa pospolita
nazwa pospolita lub geogr. Polityka wyznaniowa
źródło hasła DBN
9 (RLIN) 37432
650 #7 - Hasło przedmiotowe-nazwa pospolita
nazwa pospolita lub geogr. Religijność
źródło hasła DBN
9 (RLIN) 36348
650 #7 - Hasło przedmiotowe-nazwa pospolita
nazwa pospolita lub geogr. Sanktuaria maryjne
źródło hasła DBN
9 (RLIN) 36829
650 #7 - Hasło przedmiotowe-nazwa pospolita
nazwa pospolita lub geogr. Sanktuaria
określnik geograficzny Polska
-- Pomorze Gdańskie (region)
określnik chronologiczny 1945-1990.
źródło hasła kaba
9 (RLIN) 40660
651 #7 - Hasło przedmiotowe-nazwa geogr.
nazwa geograficzna Pomorze Gdańskie
źródło hasła DBN
9 (RLIN) 37811
651 #7 - Hasło przedmiotowe-nazwa geogr.
nazwa geograficzna Pomorze Gdańskie (Polska ; region)
określnik rzeczowy życie religijne
określnik chronologiczny 1945-1990.
źródło hasła kaba
9 (RLIN) 40661
655 #7 - Termin określający rodzaj/formę
rodzaj/forma Monografia
źródło terminu DBN
9 (RLIN) 35240
655 #7 - Termin określający rodzaj/formę
rodzaj/forma Wydawnictwo źródłowe
źródło terminu DBN
9 (RLIN) 35066
658 ## - Nazwa określająca cel programu nauczania
główny cel programu nauczania Historia
658 ## - Nazwa określająca cel programu nauczania
główny cel programu nauczania Polityka, politologia, administracja publiczna
658 ## - Nazwa określająca cel programu nauczania
główny cel programu nauczania Religia i duchowość
710 2# - Hasło dodatkowe - nazwa ciała zbior.
nazwa ciała zbior. lub nazwa geogr. Instytut Pamięci Narodowej - Komisja Ścigania Zbrodni przeciwko Narodowi Polskiemu.
rodzaj współpracy Wydawca
kod rodzaju współpracy pbl
9 (RLIN) 11792
710 2# - Hasło dodatkowe - nazwa ciała zbior.
nazwa ciała zbior. lub nazwa geogr. Instytut Pamięci Narodowej - Komisja Ścigania Zbrodni przeciwko Narodowi Polskiemu.
nazwa jednostki podrzędnej Oddział (Gdańsk).
rodzaj współpracy Instytucja sprawcza
9 (RLIN) 14049
830 #0 - Hasło dod. serii i op. ks. wielotom. -tyt
tytuł Publikacje Gdańskiego Oddziału IPN
oznaczenie tomu t. 76
9 (RLIN) 14050
830 #0 - Hasło dod. serii i op. ks. wielotom. -tyt
tytuł Władze Komunistyczne wobec Kościołów i Związków Wyznaniowych w Polsce 1944-1989
9 (RLIN) 18363
920 ## - ISBN
ISBN 978-83-8098-809-5 (oprawa twarda) : zł 40,00
942 ## - ADDED ENTRY ELEMENTS (KOHA)
Source of classification or shelving scheme Dewey Decimal Classification
Koha item type pozycje dostępne na miejscu
Egzemplarze
Status wycofania Status zagubienia Klasyfikacja Status uszkodzenia Blokada wypożyczeń Kolekcja Lokalizacja macierzysta Lokalizacja bieżąca Data nabycia Numer akcesji Źródło akcesji Cena Nr inwentarzowy il. wypożyczeń Sygnatura Kod kreskowy Date last seen Price effective from Typ egz.
    Dewey Decimal Classification nieuszkodzona   książka w magazynie Biblioteka Instytutu Północnego w Olsztynie Biblioteka Instytutu Północnego w Olsztynie 30/11/2020 D-36/2020 dar 40.00 59942   59942 IPWK24046 27/04/2026 27/04/2026 pozycje dostępne na miejscu
Biblioteka Instytutu Północnego, ul. Partyzantów 87, 10-402 Olsztyn, email: biblioteka(at)ip.olsztyn.pl